[Event "AUT-chT2W 1920"]
[Site "Austria"]
[Date "2019.11.23"]
[Round "4.5"]
[White "Babinetz, Rainer"]
[Black "Mueller, Philipp"]
[Result "0-1"]
[WhiteElo "1955"]
[BlackElo "2135"]
[PlyCount "66"]
[EventDate "2019.10.04"]
[EventType "team-tourn"]
[EventRounds "11"]
[EventCountry "AUT"]
[SourceTitle "CBM 193 Extra"]
[Source "ChessBase"]
[SourceDate "2020.01.31"]
[SourceVersion "1"]
[SourceVersionDate "2020.01.31"]
[SourceQuality "1"]
[WhiteTeam "Rochade Rum"]
[BlackTeam "Bernhard"]
[WhiteTeamCountry "AUT"]
[BlackTeamCountry "AUT"]

1. e4 c5 2. d4 cxd4 3. c3 dxc3 4. Nxc3 Nc6 5. Nf3 e6 6. Bc4 a6 7. 0-0 Nge7 8. Bg5 f6 9. Be3 b5 10. Bb3 Ng6 11. Qe2 Be7 12. Rfd1 Qc7 13. Rac1 Qb8 14. h4 Na5 15. Bc2 Nc4 16. h5 Nxe3 17. Qxe3 Ne5 18. Bb3 Nxf3+ 19. Qxf3 Qe5 20. Re1 Bb7 21. Qg4 0-0 22. f4 Qc5+ 23. Kh1 f5 24. Qg3 fxe4 25. Nxe4 Qxh5+ 26. Kg1 Bh4 27. Qh3 Rxf4 28. Ng3 Qg5 29. Re3 Raf8 30. Rc7 Rg4 31. Rxe6 Kh8 32. Re5 Qxe5 33. Qxg4 Bxg3 0-1

[Event "AUT-chT2W 1516"]
[Site "Austria"]
[Date "2015.11.29"]
[Round "5.6"]
[White "Babinetz, Rainer"]
[Black "Vlasak, Reinhard"]
[Result "0-1"]
[WhiteElo "2019"]
[BlackElo "2024"]
[PlyCount "74"]
[EventDate "2015.10.16"]
[EventType "team-tourn"]
[EventRounds "11"]
[EventCountry "AUT"]
[SourceTitle "EXT 2017"]
[Source "ChessBase"]
[SourceDate "2016.10.25"]
[SourceVersion "1"]
[SourceVersionDate "2016.10.25"]
[SourceQuality "1"]
[WhiteTeam "Rochade Rum"]
[BlackTeam "Salzburg"]
[WhiteTeamCountry "AUT"]
[BlackTeamCountry "AUT"]

1. Nf3 d5 2. c4 e6 3. g3 c5 4. Bg2 Nc6 5. 0-0 Nf6 6. d3 Be7 7. b3 0-0 8. Bb2 d4 9. a3 e5 10. Nbd2 Bf5 11. Qc2 Qd7 12. Rfd1 Rad8 13. Nh4 Bg4 14. Bf1 Rfe8 15. f3 Bh3 16. Ng2 h5 17. Ne4 Nxe4 18. dxe4 f5 19. e3 fxe4 20. Qxe4 Qe6 21. Bd3 Qh6 22. exd4 exd4 23. Bc1 Bg5 24. Bxg5 Qxg5 25. Qh7+ Kf8 26. Nf4 Ne5 27. Nxh3 Qe3+ 28. Nf2 Nxf3+ 29. Kg2 Rd6 30. Qh8+ Ke7 31. Qxg7+ Kd8 32. Bg6 Re7 33. Qf8+ Kc7 34. Be4 Nh4+ 35. Kh3 Rxe4 36. Nxe4 Qxe4 37. Qf2 Qg4# 0-1

[Event "AUT-chT2W 0910"]
[Site "Austria"]
[Date "2010.03.14"]
[Round "11.6"]
[White "Babinetz, Rainer"]
[Black "Froewis, Annika"]
[Result "0-1"]
[WhiteElo "2087"]
[BlackElo "1933"]
[PlyCount "70"]
[EventDate "2009.10.23"]
[EventType "team-tourn"]
[EventRounds "11"]
[EventCountry "AUT"]
[SourceTitle "EXT 2011"]
[Source "ChessBase"]
[SourceDate "2010.11.26"]
[SourceVersion "1"]
[SourceVersionDate "2010.11.26"]
[SourceQuality "1"]
[WhiteTeam "Rochade Rum"]
[BlackTeam "Bregenz"]
[WhiteTeamCountry "AUT"]
[BlackTeamCountry "AUT"]

1. e4 e5 2. Nf3 Nc6 3. d3 Bc5 4. g3 Nf6 5. Bg2 d6 6. Nbd2 h6 7. 0-0 0-0 8. c3 a6 9. h3 Ba7 10. Re1 Be6 11. Re2 Qd7 12. Kh2 Rae8 13. Qc2 Kh8 14. b3 Nh7 15. Bb2 f5 16. exf5 Bxf5 17. Nh4 Ng5 18. Nxf5 Qxf5 19. h4 Ne6 20. Rf1 Qh5 21. Nc4 g5 22. Bh3 gxh4 23. g4 Qg6 24. Ne3 Nf4 25. d4 Qg5 26. Rd2 exd4 27. cxd4 Nxh3 28. d5+ Ne5 29. Nf5 Nf4 30. f3 Bb6 31. b4 Kg8 32. a4 a5 33. Qc3 axb4 34. Qb3 Rxf5 35. gxf5 Qg3+ 0-1

[Event "AUT-ch"]
[Site "Jenbach"]
[Date "2009.07.29"]
[Round "5"]
[White "Babinetz, Rainer"]
[Black "Hoebarth, Guenter"]
[Result "1-0"]
[WhiteElo "2087"]
[BlackElo "2005"]
[PlyCount "75"]
[EventDate "2009.07.25"]
[EventType "swiss"]
[EventRounds "9"]
[EventCountry "AUT"]
[SourceTitle "CBM 131 Extra"]
[Source "ChessBase"]
[SourceDate "2009.09.03"]
[SourceVersion "2"]
[SourceVersionDate "2009.09.16"]
[SourceQuality "1"]

1. Nf3 d6 2. g3 g6 3. Bg2 Bg7 4. 0-0 Nf6 5. d4 0-0 6. c3 c6 7. Nbd2 Nbd7 8. b3 Re8 9. Qc2 e5 10. Nc4 e4 11. Ng5 Nf8 12. Ba3 h6 13. Nxf7 Kxf7 14. Nxd6+ Kg8 15. Nxe4 Bf5 16. Nxf6+ Qxf6 17. e4 Bd7 18. f4 Ne6 19. e5 Qf7 20. Rad1 Bf8 21. Bc1 Ng7 22. h3 Rad8 23. g4 h5 24. Be4 hxg4 25. Bxg6 Qe7 26. f5 Qh4 27. hxg4 Rxe5 28. Qg2 Ra5 29. Rd3 Be8 30. Rh3 Qf6 31. g5 Qd6 32. Rh8+ Kxh8 33. Qh3+ Nh5 34. Qxh5+ Bh6 35. Qxh6+ Kg8 36. Qh7+ Kf8 37. Qh8+ Ke7 38. Qg7+ 1-0

[Event "AUT-ch"]
[Site "Jenbach"]
[Date "2009.07.27"]
[Round "3"]
[White "Babinetz, Rainer"]
[Black "Bauer, Manfred2222"]
[Result "1/2-1/2"]
[WhiteElo "2087"]
[BlackElo "1983"]
[PlyCount "164"]
[EventDate "2009.07.25"]
[EventType "swiss"]
[EventRounds "9"]
[EventCountry "AUT"]
[SourceTitle "CBM 131 Extra"]
[Source "ChessBase"]
[SourceDate "2009.09.03"]
[SourceVersion "2"]
[SourceVersionDate "2009.09.16"]
[SourceQuality "1"]

1. e4 g6 2. g3 Bg7 3. Bg2 c6 4. d4 d5 5. e5 e6 6. Be3 c5 7. c3 cxd4 8. cxd4 Ne7 9. f4 Nf5 10. Bf2 Qb6 11. Qd2 Nc6 12. Ne2 Bd7 13. Nbc3 Na5 14. b3 0-0 15. 0-0 Rfc8 16. Rfc1 Rc6 17. Be1 Qa6 18. Nxd5 exd5 19. Bf1 b6 20. Nc3 Qb7 21. Nxd5 Rxc1 22. Rxc1 Rc8 23. Rxc8+ Bxc8 24. Bg2 Qd7 25. g4 Nh6 26. h3 Kh8 27. Ne3 Nc6 28. Nc2 Bb7 29. Bf2 Ne7 30. Bxb7 Qxb7 31. Ne3 Nd5 32. Nc4 Bf8 33. Kh2 Bb4 34. Qc1 Qd7 35. f5 gxf5 36. Qxh6 fxg4 37. Nd6 Qe7 38. Bh4 f6 39. Nf5 Qf7 40. e6 Qg6 41. hxg4 Qxh6 42. Nxh6 Kg7 43. Nf5+ Kg6 44. Bf2 Kg5 45. Kg3 h5 46. Be3+ Nxe3 47. Nxe3 hxg4 48. Nxg4 f5 49. Ne5 Bd6 50. e7 Bxe7 51. Nc6 Bd6+ 52. Kf3 a6 53. a4 b5 54. axb5 axb5 55. Na7 b4 56. Nb5 Bb8 57. d5 Kf6 58. Nd4 Bd6 59. Nc6 Kg5 60. Nd4 Kf6 61. Nc6 Kg6 62. Na5 Kf6 63. Nc4 Ke7 64. Ne3 Kf6 65. Nc4 Bb8 66. Na5 Bd6 67. Nc4 Ke7 68. Ne3 Kf6 69. Nc4 Bb8 70. Na5 Bc7 71. Nc4 Bh2 72. Kg2 Bb8 73. Kf3 Ke7 74. Ke3 Kf6 75. Kf3 Ke7 76. Ke3 Kd7 77. Kf3 Bh2 78. Kg2 Bd6 79. Kf3 Bh2 80. Ne3 Kd6 81. Nxf5+ Kxd5 82. Ne3+ Kd4 1/2-1/2

[Event "Tirol-ch 20th"]
[Site "Hall im Tirol "]
[Date "2009.07.03"]
[Round "7"]
[White "Mikulic, Oliver"]
[Black "Babinetz, Rainer"]
[Result "1/2-1/2"]
[WhiteElo "2004"]
[BlackElo "2087"]
[PlyCount "23"]
[EventDate "2009.06.27"]
[EventType "swiss"]
[EventRounds "7"]
[EventCountry "AUT"]
[SourceTitle "EXT 2011"]
[Source "ChessBase"]
[SourceDate "2010.11.26"]
[SourceVersion "1"]
[SourceVersionDate "2010.11.26"]
[SourceQuality "1"]

1. Nf3 d6 2. g3 g6 3. Bg2 Bg7 4. Nc3 Nc6 5. 0-0 e5 6. d3 Nf6 7. e4 0-0 8. Bg5 h6 9. Bd2 Ne7 10. Qc1 Kh7 11. Nd1 c6 12. h3 1/2-1/2

[Event "Tirol-ch 20th"]
[Site "Hall im Tirol "]
[Date "2009.06.30"]
[Round "4"]
[White "Babinetz, Rainer"]
[Black "Sucher, Johannes"]
[Result "0-1"]
[WhiteElo "2087"]
[BlackElo "2197"]
[PlyCount "40"]
[EventDate "2009.06.27"]
[EventType "swiss"]
[EventRounds "7"]
[EventCountry "AUT"]
[SourceTitle "EXT 2011"]
[Source "ChessBase"]
[SourceDate "2010.11.26"]
[SourceVersion "1"]
[SourceVersionDate "2010.11.26"]
[SourceQuality "1"]

1. e4 d5 2. exd5 Nf6 3. Nc3 Nxd5 4. Nxd5 Qxd5 5. d4 Nc6 6. Be3 g6 7. Nf3 Bg7 8. Be2 Bf5 9. 0-0 Rd8 10. c4 Qe4 11. Qa4 0-0 12. d5 Ne5 13. Nd2 Qh4 14. Qa3 e6 15. Rac1 exd5 16. cxd5 Rxd5 17. Nf3 Qh5 18. Rc5 Rfd8 19. Nd4 Bg4 20. f3 Rxc5 0-1

[Event "Tirol-ch 20th"]
[Site "Hall im Tirol "]
[Date "2009.06.29"]
[Round "3"]
[White "Streiter, Gerhard"]
[Black "Babinetz, Rainer"]
[Result "0-1"]
[WhiteElo "1971"]
[BlackElo "2087"]
[PlyCount "96"]
[EventDate "2009.06.27"]
[EventType "swiss"]
[EventRounds "7"]
[EventCountry "AUT"]
[SourceTitle "EXT 2011"]
[Source "ChessBase"]
[SourceDate "2010.11.26"]
[SourceVersion "1"]
[SourceVersionDate "2010.11.26"]
[SourceQuality "1"]

1. e4 e5 2. Bc4 Nf6 3. d3 d6 4. Nf3 Bg4 5. Nbd2 Nc6 6. c3 Be7 7. Nf1 0-0 8. h3 Bd7 9. Bb3 Qe8 10. Ng3 Na5 11. Bc2 c5 12. 0-0 Rc8 13. Re1 Nc6 14. a4 a6 15. Nh2 Qd8 16. f4 exf4 17. Bxf4 Ne5 18. Nf3 Ng6 19. Be3 Qc7 20. Nf5 Bd8 21. Qd2 d5 22. Re2 c4 23. dxc4 dxe4 24. N3d4 Qe5 25. Rf1 Bc7 26. Bg5 Qh2+ 27. Kf2 Bxf5 28. Nxf5 Rcd8 29. Qe3 Bf4 30. Ne7+ Kh8 31. Nxg6+ fxg6 32. Bxf4 Nh5 33. Ke1 Nxf4 34. Bxe4 Nxe2 35. Kxe2 Rxf1 36. Kxf1 Qh1+ 37. Kf2 Rf8+ 38. Bf3 Qb1 39. Qd2 Qf5 40. Kg1 Qc5+ 41. Qd4 Qc7 42. c5 Rd8 43. Qb4 a5 44. Qb5 Qg3 45. Qxb7 Re8 46. Qb5 Re1+ 47. Qf1 Rxf1+ 48. Kxf1 Qf4 0-1

[Event "Seefeld op 17th"]
[Site "Seefeld"]
[Date "2006.09.30"]
[Round "8"]
[White "Babinetz, Rainer"]
[Black "Meschke, Andreas"]
[Result "0-1"]
[WhiteElo "1946"]
[BlackElo "2183"]
[PlyCount "77"]
[EventDate "2006.09.23"]
[EventType "swiss"]
[EventRounds "9"]
[EventCountry "AUT"]
[SourceTitle "EXT 2009"]
[Source "ChessBase"]
[SourceDate "2008.11.26"]
[SourceVersion "1"]
[SourceVersionDate "2008.11.26"]
[SourceQuality "1"]

1. d4 d5 2. c4 dxc4 3. Nf3 Nf6 4. e3 e6 5. Bxc4 c5 6. 0-0 a6 7. Qe2 b5 8. Bb3 Bb7 9. Rd1 Nbd7 10. a4 b4 11. Nbd2 cxd4 12. Nxd4 Nc5 13. Bc2 Be7 14. Nc4 Qc7 15. Bd2 a5 16. Rdc1 0-0 17. Nb3 Rfd8 18. Ncxa5 Rxd2 19. Qxd2 Rxa5 20. Qxb4 Nxb3 21. Qxb3 Rc5 22. f3 Bd6 23. h3 Bh2+ 24. Kh1 Bd5 25. Qd3 Be5 26. Qd2 Nh5 27. a5 Ng3+ 28. Kg1 Bc4 29. Bd1 Nf1 30. Qb4 Nxe3 31. Be2 Bh2+ 32. Kf2 Nd5 33. Qa3 Qg3+ 34. Kf1 Bxe2+ 35. Kxe2 Qxg2+ 36. Kd3 Qxf3+ 37. Kd2 Bf4+ 38. Ke1 Qxa3 39. Rxa3 0-1

[Event "Seefeld op 17th"]
[Site "Seefeld"]
[Date "2006.09.27"]
[Round "5"]
[White "Jandke, Manfred"]
[Black "Babinetz, Rainer"]
[Result "1-0"]
[WhiteElo "2156"]
[BlackElo "1946"]
[PlyCount "84"]
[EventDate "2006.09.23"]
[EventType "swiss"]
[EventRounds "9"]
[EventCountry "AUT"]
[SourceTitle "EXT 2009"]
[Source "ChessBase"]
[SourceDate "2008.11.26"]
[SourceVersion "1"]
[SourceVersionDate "2008.11.26"]
[SourceQuality "1"]

1. Nf3 d5 2. d4 Nf6 3. c4 c6 4. Nc3 Nbd7 5. cxd5 cxd5 6. Qb3 e6 7. e3 a6 8. Bd3 Bd6 9. Bd2 0-0 10. 0-0 b5 11. Rac1 Bb7 12. Ne2 Rc8 13. Rxc8 Qxc8 14. a4 bxa4 15. Qxa4 e5 16. Rc1 Qb8 17. dxe5 Nxe5 18. Nxe5 Bxe5 19. f4 Bd6 20. Ng3 Rc8 21. Bc3 Qa7 22. Re1 Bc5 23. Nf5 Qb6 24. h3 Qc6 25. Qxc6 Rxc6 26. g4 Bc8 27. Nd4 Rc7 28. Ba5 Re7 29. Rc1 Nd7 30. Bf5 Rxe3 31. Bxd7 Bxd4 32. Rxc8+ Re8+ 33. Kf1 Rxc8 34. Bxc8 Bxb2 35. Bxa6 f6 36. Ke2 Kf7 37. Kd3 Ke7 38. Bb4+ Kd7 39. Bb7 Ke6 40. Bc8+ Kf7 41. f5 d4 42. Be6+ Ke8 1-0

[Event "Seefeld op 17th"]
[Site "Seefeld"]
[Date "2006.09.25"]
[Round "3"]
[White "Schumacher, Helmut"]
[Black "Babinetz, Rainer"]
[Result "1/2-1/2"]
[WhiteElo "2076"]
[BlackElo "1946"]
[PlyCount "60"]
[EventDate "2006.09.23"]
[EventType "swiss"]
[EventRounds "9"]
[EventCountry "AUT"]
[SourceTitle "EXT 2009"]
[Source "ChessBase"]
[SourceDate "2008.11.26"]
[SourceVersion "1"]
[SourceVersionDate "2008.11.26"]
[SourceQuality "1"]

1. d4 d5 2. Nc3 Nf6 3. Bg5 Nbd7 4. Nf3 c6 5. e3 e6 6. Bd3 Be7 7. 0-0 0-0 8. h3 b6 9. Qe2 a6 10. Bxf6 Nxf6 11. e4 dxe4 12. Nxe4 Nd5 13. Qd2 Nb4 14. Bc4 Bb7 15. c3 c5 16. Rfe1 Nd5 17. dxc5 bxc5 18. Qc2 h6 19. Rad1 Qc7 20. Rd2 Qf4 21. Rde2 Rad8 22. Qb3 Rb8 23. Ned2 Nb6 24. Ne5 Bd6 25. Qxb6 Bxe5 26. Rxe5 Qxd2 27. Qxc5 Rfc8 28. Qa7 Qxb2 29. Rc5 Rd8 30. Bb3 Bd5 1/2-1/2

[Event "Wattens op 14th"]
[Site "Wattens"]
[Date "1999.??.??"]
[Round "9"]
[White "Babinetz, Rainer"]
[Black "Wiesinger, Johann"]
[Result "0-1"]
[WhiteElo "1960"]
[BlackElo "1755"]
[PlyCount "76"]
[EventDate "1999.??.??"]
[EventType "swiss"]
[EventRounds "9"]
[EventCountry "AUT"]
[SourceTitle "EXT 2001"]
[Source "ChessBase"]
[SourceDate "2000.11.22"]
[SourceVersion "1"]
[SourceVersionDate "2000.11.22"]
[SourceQuality "1"]

1. e4 e5 2. Nf3 Nc6 3. Bc4 Nf6 4. d3 Be7 5. c3 d6 6. 0-0 Bg4 7. Nbd2 Qd7 8. a3 0-0 9. Re1 Kh8 10. Nf1 d5 11. exd5 Nxd5 12. h3 Bxf3 13. Qxf3 Rad8 14. Ne3 Nxe3 15. Bxe3 a6 16. Rad1 b5 17. Ba2 f5 18. Bc1 Bd6 19. Bg5 Rde8 20. Bd5 Ne7 21. Bb7 a5 22. b4 axb4 23. axb4 h6 24. Bxe7 Qxe7 25. Bc6 Rb8 26. Ra1 Qf6 27. Rec1 e4 28. dxe4 Qe5 29. g3 fxe4 30. Qxe4 Qf6 31. Ra2 Be5 32. Rac2 Rb6 33. Bd7 Bd6 34. Qd5 Rd8 35. Qf5 Be7 36. Qh5 Rd6 37. Bxb5 Rd2 38. Bf1 Qxf2+ 0-1

[Event "Wattens op 14th"]
[Site "Wattens"]
[Date "1999.??.??"]
[Round "8"]
[White "Biriescu, Ioan"]
[Black "Babinetz, Rainer"]
[Result "1-0"]
[WhiteElo "2330"]
[BlackElo "1960"]
[PlyCount "91"]
[EventDate "1999.??.??"]
[EventType "swiss"]
[EventRounds "9"]
[EventCountry "AUT"]
[SourceTitle "EXT 2001"]
[Source "ChessBase"]
[SourceDate "2000.11.22"]
[SourceVersion "1"]
[SourceVersionDate "2000.11.22"]
[SourceQuality "1"]

1. e4 Nf6 2. e5 Nd5 3. d4 d6 4. c4 Nb6 5. exd6 cxd6 6. Nc3 g6 7. h3 Bg7 8. Nf3 0-0 9. Be3 Bf5 10. Rc1 d5 11. c5 Nc8 12. Qb3 Qd7 13. Qxd5 Rd8 14. Qxd7 Rxd7 15. g4 Be6 16. Ng5 Nc6 17. Nxe6 fxe6 18. Bc4 Nxd4 19. Bxd4 Rxd4 20. Bxe6+ Kf8 21. 0-0 a6 22. Nd5 Na7 23. Rc3 Be5 24. f4 Bh8 25. Rb3 Rb8 26. f5 g5 27. f6 exf6 28. Nc7 Rdd8 29. Bd5 Rdc8 30. Ne6+ Ke7 31. Re1 Nc6 32. Bxc6 Rxc6 33. Nd4+ Kd7 34. Nxc6 Kxc6 35. Rf3 Rd8 36. Rf5 Rd7 37. Re6+ Kc7 38. Kf1 Rf7 39. Ke2 Kd7 40. Rb6 Kc7 41. Re6 Bg7 42. b4 Kd7 43. Rd6+ Kc7 44. Kd3 Re7 45. Rfd5 h6 46. a4 1-0

[Event "Wattens op 12th"]
[Site "Wattens"]
[Date "1997.??.??"]
[Round "?"]
[White "Babinetz, Rainer"]
[Black "Hechl, Gerald"]
[Result "1/2-1/2"]
[WhiteElo "1930"]
[BlackElo "2185"]
[PlyCount "56"]
[EventDate "1997.??.??"]
[EventType "swiss"]
[EventRounds "9"]
[EventCountry "AUT"]
[SourceTitle "EXT 2000"]
[Source "ChessBase"]
[SourceDate "1999.11.16"]
[SourceVersion "1"]
[SourceVersionDate "1999.11.16"]
[SourceQuality "1"]

1. d4 Nc6 2. c4 e5 3. d5 Nce7 4. e4 Ng6 5. Bd3 Bc5 6. Ne2 Nf6 7. 0-0 0-0 8. a3 a5 9. b3 d6 10. Bb2 Nh5 11. Nbc3 Qg5 12. Bc1 Qh4 13. Be3 Bxe3 14. fxe3 Qg5 15. Qd2 Nh4 16. g3 Qg4 17. Qd1 Nf3+ 18. Kg2 Nxh2 19. Kxh2 Qh3+ 20. Kg1 Nxg3 21. Nxg3 Qxg3+ 22. Kh1 Qh3+ 23. Kg1 Qxe3+ 24. Rf2 h5 25. Qd2 Qb6 26. Bc2 f5 27. Kh1 f4 28. Rg1 Bg4 1/2-1/2

[Event "Wattens op 12th"]
[Site "Wattens"]
[Date "1997.??.??"]
[Round "?"]
[White "Babinetz, Rainer"]
[Black "Thoeny, Hermann"]
[Result "0-1"]
[WhiteElo "1930"]
[BlackElo "2080"]
[PlyCount "144"]
[EventDate "1997.??.??"]
[EventType "swiss"]
[EventRounds "9"]
[EventCountry "AUT"]
[SourceTitle "EXT 2000"]
[Source "ChessBase"]
[SourceDate "1999.11.16"]
[SourceVersion "1"]
[SourceVersionDate "1999.11.16"]
[SourceQuality "1"]

1. d4 Nf6 2. c4 e6 3. Nc3 Bb4 4. Qc2 d5 5. a3 Bxc3+ 6. Qxc3 Ne4 7. Qc2 Nc6 8. Nf3 e5 9. e3 exd4 10. cxd5 Qxd5 11. Bc4 Qf5 12. 0-0 Nd6 13. Bd3 Qh5 14. exd4 Be6 15. Bf4 0-0 16. Qc5 Bg4 17. Ne5 Nd8 18. f3 Bc8 19. d5 f6 20. Nc4 Ne6 21. Qe3 Nxf4 22. Qxf4 Qxd5 23. Rfd1 Bf5 24. Ne3 Qc5 25. Rac1 Qb6 26. Kh1 Bxd3 27. Rxd3 Rfe8 28. Nd5 Qf2 29. h3 Re2 30. Rg1 Rf8 31. Nxc7 Ne4 32. Rdd1 g5 33. Qc1 Rc2 34. fxe4 Rxc1 35. Rxc1 Rc8 36. Rcf1 Qxb2 37. Nd5 Rf8 38. Rf3 Qe5 39. Rgf1 Kg7 40. Rf5 Qd4 41. Re1 h6 42. Kh2 Rf7 43. Ref1 Qxe4 44. R1f3 Kg6 45. g4 Kg7 46. Kg2 b5 47. Nxf6 Qc2+ 48. Kg1 Qd1+ 49. Kg2 Qe2+ 50. Kg1 Qd1+ 51. Kg2 Qxf3+ 52. Rxf3 Rxf6 53. Rb3 a6 54. Rc3 Kf7 55. Re3 Re6 56. Rd3 Kf6 57. Kf3 Ke7 58. Rd2 Rd6 59. Re2+ Kd7 60. Re3 Re6 61. Rc3 Kd6 62. Rc8 Kd5 63. Rd8+ Kc4 64. Rd1 Kc3 65. Rb1 Kc2 66. Rb4 Rc6 67. Re4 Kb3 68. Kg3 Kxa3 69. Re3+ Kb2 70. Re2+ Kb3 71. h4 Rc3+ 72. Kh2 Rc2 0-1

[Event "Seefeld op 08th"]
[Site "Seefeld"]
[Date "1997.??.??"]
[Round "?"]
[White "Kapferer, Romed"]
[Black "Babinetz, Rainer"]
[Result "1-0"]
[WhiteElo "2135"]
[BlackElo "1930"]
[PlyCount "45"]
[EventDate "1997.09.??"]
[EventType "swiss"]
[EventRounds "9"]
[EventCountry "AUT"]
[SourceTitle "EXT 2000"]
[Source "ChessBase"]
[SourceDate "1999.11.16"]
[SourceVersion "1"]
[SourceVersionDate "1999.11.16"]
[SourceQuality "1"]

1. e4 Nf6 2. e5 Nd5 3. d4 d6 4. Nf3 Bg4 5. Be2 e6 6. c4 Nb6 7. Nc3 Be7 8. Be3 0-0 9. 0-0 d5 10. c5 Bxf3 11. gxf3 Nc8 12. f4 Bh4 13. Bd3 g6 14. Qg4 Kh8 15. b4 Be7 16. Kh1 b6 17. Rg1 bxc5 18. bxc5 Bxc5 19. dxc5 d4 20. Be4 c6 21. Rad1 Qa5 22. Bxd4 Ne7 23. Qg5 1-0

[Event "Seefeld op 08th"]
[Site "Seefeld"]
[Date "1997.??.??"]
[Round "?"]
[White "Rahls, Peter"]
[Black "Babinetz, Rainer"]
[Result "1-0"]
[WhiteElo "2245"]
[BlackElo "1930"]
[PlyCount "45"]
[EventDate "1997.09.??"]
[EventType "swiss"]
[EventRounds "9"]
[EventCountry "AUT"]
[SourceTitle "EXT 2000"]
[Source "ChessBase"]
[SourceDate "1999.11.16"]
[SourceVersion "1"]
[SourceVersionDate "1999.11.16"]
[SourceQuality "1"]

1. e4 Nf6 2. e5 Nd5 3. c4 Nb6 4. c5 Nd5 5. Bc4 e6 6. d4 d6 7. cxd6 cxd6 8. Nf3 Nc6 9. 0-0 Be7 10. Qe2 dxe5 11. dxe5 Nb6 12. Bd3 0-0 13. Nc3 a6 14. Qe4 g6 15. Bh6 Re8 16. Rad1 Nd7 17. Qf4 Qc7 18. Rfe1 Rb8 19. h4 Nf8 20. Ne4 Rd8 21. Nf6+ Kh8 22. Ng5 Bc5 23. Nd5 1-0

[Event "Seefeld op 07th"]
[Site "Seefeld"]
[Date "1996.??.??"]
[Round "?"]
[White "Babinetz, Rainer"]
[Black "Pieper, Harald"]
[Result "1-0"]
[WhiteElo "1900"]
[BlackElo "1725"]
[PlyCount "55"]
[EventDate "1996.09.15"]
[EventType "swiss"]
[EventRounds "9"]
[EventCountry "AUT"]
[SourceTitle "EXT 2000"]
[Source "ChessBase"]
[SourceDate "1999.11.16"]
[SourceVersion "1"]
[SourceVersionDate "1999.11.16"]
[SourceQuality "1"]

1. d4 d5 2. c4 e6 3. Nc3 Nf6 4. Bg5 Nbd7 5. e3 c6 6. Nf3 Qa5 7. Nd2 Bb4 8. Qc2 h6 9. Bh4 0-0 10. Bd3 Re8 11. 0-0 Be7 12. f4 Ng4 13. Bf2 Ndf6 14. h3 Nxf2 15. Rxf2 dxc4 16. Nxc4 Qd8 17. Rd1 Nd5 18. Qe2 g6 19. Ne5 Bf6 20. Ne4 Bg7 21. g4 f5 22. Ng3 Kh7 23. Nf3 Bf6 24. Rg2 Rg8 25. g5 hxg5 26. fxg5 Bh8 27. h4 Bd7 28. Rh2 1-0

[Event "Wattens op 11th"]
[Site "Wattens"]
[Date "1996.??.??"]
[Round "5"]
[White "Babinetz, Rainer"]
[Black "Sprenger, Wendelin"]
[Result "1-0"]
[WhiteElo "1900"]
[BlackElo "1650"]
[PlyCount "33"]
[EventDate "1996.??.??"]
[EventType "swiss"]
[EventRounds "9"]
[EventCountry "AUT"]
[SourceTitle "EXT 2000"]
[Source "ChessBase"]
[SourceDate "1999.11.16"]
[SourceVersion "1"]
[SourceVersionDate "1999.11.16"]
[SourceQuality "1"]

1. d4 Nf6 2. c4 g6 3. Nc3 Bg7 4. e4 d6 5. f4 e5 6. fxe5 dxe5 7. d5 0-0 8. Nf3 Ne8 9. Be2 f5 10. Be3 fxe4 11. Nxe4 Bf5 12. Ng3 Nd7 13. 0-0 Qe7 14. Qd2 Rd8 15. Ng5 Nc5 16. b4 e4 17. Bxc5 1-0